North American Flags Vertically Reflected - Statistics

General Stats
  • This quiz has been taken 9 times
  • The average score is 23 of 23
Answer Stats
Picture Answer % Correct
Antigua and Barbuda
100%
Bahamas
100%
Barbados
100%
Belize
100%
Canada
100%
Cuba
100%
Dominica
100%
Dominican Republic
100%
El Salvador
100%
Grenada
100%
Guatemala
100%
Haiti
100%
Jamaica
100%
Mexico
100%
Panama
100%
St Kitts and Nevis
100%
St Lucia
100%
St Vincent and the Grenadines
100%
Trinidad and Tobago
100%
United States
100%
Costa Rica
88%
Nicaragua
88%
Honduras
75%
No matching quizzes found
Score Distribution
Percent of People with Each Score
Percentile by Number Answered
Your Score History
You have not taken this quiz